Distributed systems: an algorithmic approach (Record no. 5323)
[ view plain ]
| 000 -LEADER | |
|---|---|
| fixed length control field | 00806 a2200205 4500 |
| 020 ## - INTERNATIONAL STANDARD BOOK NUMBER | |
| International Standard Book Number | 1584885645 |
| 020 ## - INTERNATIONAL STANDARD BOOK NUMBER | |
| International Standard Book Number | 9781584885641 |
| 040 ## - CATALOGING SOURCE | |
| Original cataloging agency | DLC |
| Language of cataloging | DLC |
| 082 00 - DEWEY DECIMAL CLASSIFICATION NUMBER | |
| Classification number | 004.36 |
| 100 1# - MAIN ENTRY--PERSONAL NAME | |
| Personal name | Ghosh, Sukumar. |
| 245 10 - TITLE STATEMENT | |
| Title | Distributed systems: an algorithmic approach |
| Remainder of title | an algorithmic approach |
| Statement of responsibility, etc. | Sukumar Ghosh. |
| 260 ## - PUBLICATION, DISTRIBUTION, ETC. | |
| Place of publication, distribution, etc. | Boca Raton : |
| Name of publisher, distributor, etc. | Chapman & Hall/CRC, |
| Date of publication, distribution, etc. | c2007. |
| 300 ## - PHYSICAL DESCRIPTION | |
| Extent | 402 p. : |
| Other physical details | ill. ; |
| Dimensions | 27 cm. |
| 440 #0 - SERIES STATEMENT/ADDED ENTRY--TITLE | |
| Title | Chapman & Hall/CRC computer and information science series |
| 650 #0 - SUBJECT ADDED ENTRY--TOPICAL TERM | |
| Topical term or geographic name entry element | Electronic data processing |
| General subdivision | Distributed processing. |
| 650 #0 - SUBJECT ADDED ENTRY--TOPICAL TERM | |
| Topical term or geographic name entry element | Computer algorithms. |
| 856 41 - ELECTRONIC LOCATION AND ACCESS | |
| Materials specified | Table of contents only |
| Uniform Resource Identifier | <a href="http://www.loc.gov/catdir/toc/ecip0614/2006017600.html">http://www.loc.gov/catdir/toc/ecip0614/2006017600.html</a> |
| 856 41 - ELECTRONIC LOCATION AND ACCESS | |
| Materials specified | Publisher description |
| Uniform Resource Identifier | <a href="http://www.loc.gov/catdir/enhancements/fy0661/2006017600-d.html">http://www.loc.gov/catdir/enhancements/fy0661/2006017600-d.html</a> |
| 942 ## - ADDED ENTRY ELEMENTS (KOHA) | |
| Koha item type | Book |
| Call number prefix | 004.36 GHO |
| Source of classification or shelving scheme | |
| Withdrawn status | Lost status | Damaged status | Not for loan | Collection code | Permanent Location | Current Location | Shelving location | Date acquired | Source of acquisition | Cost, normal purchase price | Total Checkouts | Full call number | Barcode | Date last seen | Date last checked out | Price effective from | Koha item type |
|---|---|---|---|---|---|---|---|---|---|---|---|---|---|---|---|---|---|
| Central Library (CL) | Central Library (CL) | First Floor - Data Communication/Network/Architecture | 02/26/2007 | A & J Def Tek Concultants | 5092.01 | 1 | 004.36 GHO | SEECS008181 | 07/15/2024 | 10/06/2015 | 01/05/2017 | Book | |||||
| Central Library (CL) | Central Library (CL) | First Floor - Data Communication/Network/Architecture | 09/17/2007 | A & J Def Tek Concultants | 5068.97 | 1 | 004.36 GHO | SEECS008598 | 01/14/2019 | 01/04/2015 | 01/05/2017 | Book |
